|
|
|
|
| LEADER |
00000cam a2200000 a 4500 |
| 001 |
65889 |
| 003 |
CZ-ZlUTB |
| 005 |
20240829151407.0 |
| 007 |
ta |
| 008 |
120419s2012 xr e l 001 0 cze |
| 015 |
|
|
|a cnb002361289
|
| 020 |
|
|
|a 9788072089222
|q (váz.)
|
| 035 |
|
|
|a (OCoLC)796019370
|
| 040 |
|
|
|a BOA001
|b cze
|d ABA001
|d ZLD002
|
| 043 |
|
|
|a e-xr---
|
| 072 |
|
7 |
|a 347
|x Soukromé právo
|2 Konspekt
|9 16
|
| 080 |
|
|
|a 347
|2 MRF
|
| 080 |
|
|
|a (437.3)
|2 MRF
|
| 080 |
|
|
|a (094.5)
|2 MRF
|
| 100 |
1 |
|
|a Eliáš, Karel,
|d 1955-
|7 jn19981000970
|4 cwt
|
| 245 |
1 |
0 |
|a Nový občanský zákoník s aktualizovanou důvodovou zprávou a rejstříkem /
|c Karel Eliáš a kolektiv
|
| 250 |
|
|
|a 1. vyd.
|
| 260 |
|
|
|a Ostrava :
|b Sagit,
|c 2012
|
| 300 |
|
|
|a 1119 s. ;
|c 22 cm
|
| 504 |
|
|
|a Obsahuje bibliografické odkazy a rejstřík
|
| 650 |
0 |
7 |
|a občanské právo
|7 ph115540
|z Česko
|2 czenas
|
| 650 |
0 |
9 |
|a civil law
|z Czechia
|2 eczenas
|
| 655 |
|
7 |
|a zákony
|7 fd133886
|2 czenas
|
| 655 |
|
9 |
|a laws
|2 eczenas
|
| 710 |
1 |
2 |
|a Česko.
|t Občanský zákoník (2012)
|7 kon2012694299
|
| 910 |
|
|
|a ZLD002
|
| 952 |
|
|
|0 0
|1 0
|4 0
|6 34ELIÁŠK
|7 0
|8 BOOK
|9 119140
|a UTBZL
|b UTBZL
|c 030
|d 2014-07-08
|l 3
|o 34/ELIÁŠ,K.
|p 420010155075
|r 2019-08-26 00:00:00
|v 690.00
|w 2019-08-26
|x N:nákup; | 20100831
|y 05
|
| 952 |
|
|
|0 0
|1 0
|4 0
|6 347ELIÁŠK
|7 0
|8 BOOK
|9 119142
|a UTBZL
|b UTBZL
|c 007
|d 2012-11-22
|l 2
|m 1
|o 347/ELIÁŠ,K.
|p 420010146979
|q 2028-12-21
|r 2019-08-26 00:00:00
|v 690.00
|w 2019-08-26
|x změnit signaturu | N:nákup;
|y 08
|
| 952 |
|
|
|0 0
|1 0
|4 0
|6 347ELIÁŠK
|7 0
|8 BOOK
|9 119143
|a UTBZL
|b UTBZL
|c 010
|d 2013-03-25
|l 1
|m 6
|o 347/ELIÁŠ,K.
|p 420010148403
|q 2028-12-31
|r 2019-08-26 00:00:00
|v 690.00
|w 2019-08-26
|x změnit signaturu | N:nákup;
|y 08
|
| 952 |
|
|
|0 1
|1 0
|4 0
|6 347ELIÁŠK
|7 0
|8 BOOK
|9 119144
|a UTBZL
|b UTBZL
|c 010
|d 2014-04-22
|l 1
|o 347/ELIÁŠ,K.
|p 420010153872
|r 2025-02-19 00:00:00
|v 690.00
|w 2019-08-26
|x zastaralé | N:nákup; Převod FaME: Jiří Zicha, 19.2.2025
|y 08
|
| 992 |
|
|
|a BK
|b SK
|d 8
|
| 901 |
|
|
|b 9788072089222
|f 1. vyd.
|o 20120426
|
| 999 |
|
|
|c 65889
|d 65889
|